000 00779nas a2200241 4500
001 BR2018001200
003 BR-BrBNA
005 20231205131337.0
007 ta
008 230509b bl.|||p| |||| 00| 00por d
040 _aBR-BrBNA
_bpor
_cBiblioteca Nacional de Agricultura
041 _a(En)
072 _aF60
100 1 _aPekgözlü, A.K.
100 1 _aCeylan, E.
245 1 _aChemical compostion of taurus fir (Abies cilicica subsp isaurica)oleoresin
650 _aTEREBINTINA
650 _aCOMPOSIÇÃO QUÍMICA
773 0 _tRevista Árvore (Brazil)
_xISSN 1806-9088
_g(2018), v. 42(1) p. 1-6
_wBR2018001200
856 4 0 _uhttp://www.scielo.br/pdf/rarv/v42n1/0100-6762-rarv-42-01-e420115.pdf
909 _a202311
_bLúcia
_c55
_dLúcia Elande
942 _2AGRIS
_n0
_cANA
999 _c254299
_d254299